| 000 | 01453nam a2200445 i 4500 | ||
|---|---|---|---|
| 001 | 630 | ||
| 003 | KOSZ 005 | ||
| 005 | 20190722120240.0 | ||
| 008 | 020307s1977 pl a f f |001 0 pol | ||
| 015 | _aPB 1977/6948 | ||
| 035 | _a(PL-WaBN)b14837742-48omnis_nlop | ||
| 035 | _ab14837742 | ||
| 035 | _a(OCoLC)830298666 | ||
| 035 | _a(PL)b0000014837742 | ||
| 040 |
_aWA N _cWA N _dKOSZ 005/HR |
||
| 041 | 0 | _apol | |
| 080 | _a69 | ||
| 080 | _a624.01/.07 | ||
| 080 | _a(075.8) | ||
| 100 | 1 |
_aJędrzejewski, Wacław _d(1914-1993) _eAutor |
|
| 245 | 1 | 0 |
_aBudownictwo ogólne : _b[podręcznik dla studentów wyższych szkół rolniczych] / _cWacław Jędrzejewski. |
| 250 | _aWyd. 2 popr. dodr. | ||
| 260 |
_aWarszawa : _bPaństwowe Wydawnictwo Naukowe, _c1977. |
||
| 300 |
_a473, [2] s. : _bil., tab., wykr. ; _c25 cm. |
||
| 336 |
_2rdacarrier _aWolumin _bnc |
||
| 337 |
_2rdamedia _aBez urządzenia pośredniczącego _bn |
||
| 338 |
_2rdacarrier _aWolumin _bnc |
||
| 380 | _aKsiążki | ||
| 380 | _aPublikacje dydaktyczne | ||
| 385 |
_mPoziom nauczania _aSzkoły wyzsze |
||
| 388 | _a1901-2000 | ||
| 388 | _a1945-1989 | ||
| 504 | _aBibliogr. Indeks. | ||
| 658 | _aArchitektura i budownictwo | ||
| 655 | 7 |
_aPodręczniki akademickie _2DBN |
|
| 650 | 7 |
_aBudownictwo _2DBN |
|
| 856 |
_uhttp://koha.tu.koszalin.pl/cgi-bin/koha/opac-detail.pl?biblionumber=630 _yKatalog online BPK |
||
| 942 |
_2UKD _cKS |
||
| 999 |
_c630 _d630 |
||